[Event "EYCC 2024 - G16"]
[Site "?"]
[Date "2024.08.23"]
[Round "2.8"]
[White "Tomcaniova, Lucia"]
[Black "Maria, Lia-Alexandra"]
[Result "1-0"]
[BlackElo "2046"]
[WhiteElo "1901"]
[LiveChessVersion "1.4.8"]

1. e4 {[%clk 1:30:57]} c5 {[%clk 1:29:57]} 2. Nf3 {[%clk 1:31:13]} d6
{[%clk 1:30:05]} 3. d4 {[%clk 1:31:35]} cxd4 {[%clk 1:30:31]} 4. Nxd4
{[%clk 1:31:56]} Nf6 {[%clk 1:30:56]} 5. Nc3 {[%clk 1:32:18]} a6 {[%clk 1:31:22]}
6. h3 {[%clk 1:32:30]} e6 {[%clk 1:30:59]} 7. Be3 {[%clk 1:32:16]} Be7
{[%clk 1:29:14]} 8. g4 {[%clk 1:31:33]} Nfd7 {[%clk 1:28:23]} 9. Bg2
{[%clk 1:29:26]} g5 {[%clk 1:26:10]} 10. Qe2 {[%clk 1:18:46]} b5 {[%clk 1:24:08]}
11. e5 {[%clk 0:56:15]} d5 {[%clk 1:24:27]} 12. Nxd5 {[%clk 0:50:55]} exd5
{[%clk 1:23:41]} 13. Bxd5 {[%clk 0:50:55]} Ra7 {[%clk 1:23:33]} 14. O-O-O
{[%clk 0:37:51]} Bb7 {[%clk 1:19:20]} 15. Bxb7 {[%clk 0:33:34]} Rxb7
{[%clk 1:19:44]} 16. e6 {[%clk 0:33:31]} fxe6 {[%clk 1:14:27]} 17. Nxe6
{[%clk 0:33:40]} Qa5 {[%clk 1:13:07]} 18. Qf3 {[%clk 0:25:42]} Rb6
{[%clk 1:10:49]} 19. Bxb6 {[%clk 0:23:14]} Qxb6 {[%clk 1:11:01]} 20. Rhe1
{[%clk 0:22:43]} Nc6 {[%clk 1:09:29]} 21. Ng7+ {[%clk 0:18:12]} Kd8
{[%clk 1:09:48]} 22. Qd5 {[%clk 0:11:17]} Qb7 {[%clk 1:08:00]} 23. Ne6+
{[%clk 0:09:48]} Kc8 {[%clk 1:07:26]} 24. Nd4 {[%clk 0:07:31]} Nde5
{[%clk 0:56:57]} 25. Nxc6 {[%clk 0:03:43]} Nxc6 {[%clk 0:57:10]} 26. Rxe7
{[%clk 0:01:40]} Nxe7 {[%clk 0:57:34]} 27. Qxb7+ {[%clk 0:02:03]} Kxb7
{[%clk 0:58:01]} 28. Rd7+ {[%clk 0:02:28]} Kc6 {[%clk 0:57:52]} 29. Rxe7
{[%clk 0:02:51]} Rf8 {[%clk 0:58:19]} 30. Rxh7 {[%clk 0:01:53]} Rxf2
{[%clk 0:58:43]} 31. Rh6+ {[%clk 0:01:41]} Kd5 {[%clk 0:58:43]} 32. Rxa6
{[%clk 0:01:23]} 1-0

[Event "EYCC 2024 - G16"]
[Site "?"]
[Date "2024.08.23"]
[Round "2.9"]
[White "Tsetskhladze, Mariam"]
[Black "Hristova, Ivelina"]
[Result "1-0"]
[BlackElo "1875"]
[WhiteElo "2040"]
[LiveChessVersion "1.4.8"]

1. e4 {[%clk 1:30:47]} c5 {[%clk 1:30:47]} 2. Nf3 {[%clk 1:31:11]} d6
{[%clk 1:31:04]} 3. d4 {[%clk 1:29:47]} Nf6 {[%clk 1:31:21]} 4. Nc3
{[%clk 1:24:23]} cxd4 {[%clk 1:31:38]} 5. Nxd4 {[%clk 1:24:47]} Nc6
{[%clk 1:31:57]} 6. Bg5 {[%clk 1:23:14]} e6 {[%clk 1:31:49]} 7. Qd2
{[%clk 1:23:28]} a6 {[%clk 1:31:46]} 8. O-O-O {[%clk 1:21:44]} Bd7
{[%clk 1:30:54]} 9. f4 {[%clk 1:21:36]} h6 {[%clk 1:31:00]} 10. Bh4
{[%clk 1:21:53]} g5 {[%clk 1:28:45]} 11. fxg5 {[%clk 1:20:20]} Ng4
{[%clk 1:29:02]} 12. Nxc6 {[%clk 1:13:29]} bxc6 {[%clk 1:23:45]} 13. Qe1
{[%clk 0:51:29]} hxg5 {[%clk 1:16:03]} 14. Bg3 {[%clk 0:51:28]} d5
{[%clk 1:04:32]} 15. exd5 {[%clk 0:47:44]} cxd5 {[%clk 1:04:40]} 16. Nxd5
{[%clk 0:44:30]} Rc8 {[%clk 1:03:20]} 17. Bxa6 {[%clk 0:31:50]} Rc5
{[%clk 0:58:26]} 18. Bb5 {[%clk 0:25:25]} Rxb5 {[%clk 0:47:44]} 19. Nc7+
{[%clk 0:25:46]} Ke7 {[%clk 0:48:00]} 20. Nxb5 {[%clk 0:24:55]} f5
{[%clk 0:41:21]} 21. Qb4+ {[%clk 0:23:37]} Ke8 {[%clk 0:39:39]} 22. Qd4
{[%clk 0:23:33]} Rh7 {[%clk 0:37:00]} 23. Nc7+ {[%clk 0:23:46]} Ke7
{[%clk 0:36:59]} 24. Nxe6 {[%clk 0:18:46]} Qc8 {[%clk 0:33:03]} 25. Qd6+
{[%clk 0:18:23]} 1-0

[Event "EYCC 2024 - G16"]
[Site "?"]
[Date "2024.08.23"]
[Round "2.10"]
[White "Tsapaki, Asimenia"]
[Black "Peglau, Charis"]
[Result "0-1"]
[BlackElo "2031"]
[WhiteElo "1885"]
[LiveChessVersion "1.4.8"]

1. e4 {[%clk 1:30:56]} e6 {[%clk 1:30:52]} 2. d4 {[%clk 1:31:19]} b6
{[%clk 1:31:17]} 3. Bd3 {[%clk 1:31:36]} Bb7 {[%clk 1:31:40]} 4. Nf3
{[%clk 1:31:54]} c5 {[%clk 1:31:42]} 5. d5 {[%clk 1:32:12]} exd5 {[%clk 1:31:25]}
6. exd5 {[%clk 1:32:35]} Bxd5 {[%clk 1:31:26]} 7. Nc3 {[%clk 1:32:58]} Be6
{[%clk 1:28:05]} 8. Bf4 {[%clk 1:33:19]} Nf6 {[%clk 1:22:26]} 9. Nb5
{[%clk 1:33:30]} Na6 {[%clk 1:20:24]} 10. Qe2 {[%clk 1:23:01]} Nd5
{[%clk 1:03:05]} 11. Nd6+ {[%clk 1:21:26]} Bxd6 {[%clk 1:03:29]} 12. Bxd6
{[%clk 1:21:53]} Nab4 {[%clk 1:01:28]} 13. Be4 {[%clk 1:20:30]} f5
{[%clk 0:55:04]} 14. Bxf5 {[%clk 1:15:44]} Qf6 {[%clk 0:54:09]} 15. Bh3
{[%clk 0:51:53]} Nxc2+ {[%clk 0:29:33]} 16. Qxc2 {[%clk 0:43:47]} Bxh3
{[%clk 0:29:43]} 17. Be5 {[%clk 0:42:53]} Qf5 {[%clk 0:23:11]} 18. Qe2
{[%clk 0:32:47]} O-O {[%clk 0:21:01]} 19. Qc4 {[%clk 0:25:41]} Qe6
{[%clk 0:17:52]} 20. O-O-O {[%clk 0:24:48]} Nb4 {[%clk 0:17:18]} 21. Qxe6+
{[%clk 0:23:35]} Bxe6 {[%clk 0:17:42]} 22. a3 {[%clk 0:23:12]} Nc6
{[%clk 0:17:50]} 23. Bd6 {[%clk 0:23:22]} Rf6 {[%clk 0:17:48]} 24. Rhe1
{[%clk 0:23:27]} Bg4 {[%clk 0:17:14]} 25. Bg3 {[%clk 0:19:53]} Bxf3
{[%clk 0:13:39]} 26. gxf3 {[%clk 0:20:15]} Nd4 {[%clk 0:13:06]} 27. Be5
{[%clk 0:19:48]} Rxf3 {[%clk 0:12:46]} 28. Bxd4 {[%clk 0:19:50]} cxd4
{[%clk 0:13:15]} 29. Rxd4 {[%clk 0:20:08]} Rc8+ {[%clk 0:12:30]} 30. Kb1
{[%clk 0:20:25]} Rc7 {[%clk 0:03:04]} 31. Re2 {[%clk 0:19:24]} Kf7
{[%clk 0:02:59]} 32. Red2 {[%clk 0:18:29]} Ke7 {[%clk 0:03:07]} 33. Re4+
{[%clk 0:18:35]} Kf6 {[%clk 0:02:50]} 34. Red4 {[%clk 0:18:48]} h5
{[%clk 0:00:47]} 35. h4 {[%clk 0:12:20]} Rf5 {[%clk 0:00:55]} 36. Rd6+
{[%clk 0:01:09]} Ke7 {[%clk 0:01:23]} 37. Rg6 {[%clk 0:01:30]} Rf7
{[%clk 0:01:33]} 38. Re2+ {[%clk 0:01:39]} Kd8 {[%clk 0:01:25]} 39. Rg5
{[%clk 0:01:40]} Rc5 {[%clk 0:01:41]} 40. Rxc5 {[%clk 0:01:47]} bxc5
{[%clk 0:02:11]} 41. Re5 {[%clk 0:02:10]} d6 {[%clk 0:01:48]} 42. Rxh5
{[%clk 0:02:05]} Rxf2 {[%clk 0:02:17]} 43. Rg5 {[%clk 0:01:43]} Rf7
{[%clk 0:02:41]} 44. Rg6 {[%clk 0:01:50]} Kc7 {[%clk 0:02:45]} 45. h5
{[%clk 0:02:02]} Rd7 {[%clk 0:02:54]} 46. h6 {[%clk 0:02:06]} gxh6
{[%clk 0:03:23]} 47. Rxh6 {[%clk 0:02:18]} Kc6 {[%clk 0:03:18]} 48. Kc2
{[%clk 0:02:32]} Kb5 {[%clk 0:03:23]} 49. Kc3 {[%clk 0:01:20]} a5
{[%clk 0:02:38]} 50. Rg6 {[%clk 0:00:40]} a4 {[%clk 0:02:22]} 51. Rg8
{[%clk 0:00:41]} d5 {[%clk 0:01:52]} 52. Rb8+ {[%clk 0:00:57]} Kc6
{[%clk 0:02:16]} 53. Rh8 {[%clk 0:00:38]} Rd6 {[%clk 0:01:32]} 54. Rc8+
{[%clk 0:00:38]} Kb5 {[%clk 0:01:44]} 55. Rb8+ {[%clk 0:00:45]} Rb6
{[%clk 0:02:09]} 56. Rd8 {[%clk 0:01:12]} d4+ {[%clk 0:02:10]} 57. Kc2
{[%clk 0:01:35]} Rg6 {[%clk 0:01:57]} 58. Rh8 {[%clk 0:00:52]} Rg2+
{[%clk 0:01:11]} 59. Kd3 {[%clk 0:01:10]} Rg3+ {[%clk 0:01:22]} 60. Kc2
{[%clk 0:01:34]} Kc4 {[%clk 0:01:44]} 61. Rh2 {[%clk 0:01:36]} Re3
{[%clk 0:01:58]} 62. Rg2 {[%clk 0:00:37]} Re2+ {[%clk 0:01:30]} 63. Rxe2
{[%clk 0:00:57]} d3+ {[%clk 0:01:58]} 64. Kd2 {[%clk 0:01:19]} dxe2
{[%clk 0:02:24]} 65. Kxe2 {[%clk 0:01:22]} Kb3 {[%clk 0:02:50]} 66. Kd3
{[%clk 0:01:23]} Kxb2 {[%clk 0:03:16]} 67. Kc4 {[%clk 0:01:44]} Kxa3
{[%clk 0:03:17]} 68. Kc3 {[%clk 0:01:58]} c4 {[%clk 0:03:30]} 69. Kc2
{[%clk 0:02:16]} Kb4 {[%clk 0:03:50]} 70. Kb2 {[%clk 0:02:35]} c3+
{[%clk 0:04:00]} 71. Ka2 {[%clk 0:02:47]} Kc4 {[%clk 0:04:11]} 72. Ka3
{[%clk 0:02:53]} Kd3 {[%clk 0:04:28]} 73. Ka2 {[%clk 0:03:00]} c2
{[%clk 0:04:39]} 74. Kb2 {[%clk 0:03:27]} a3+ {[%clk 0:04:32]} 0-1

[Event "EYCC 2024 - G16"]
[Site "?"]
[Date "2024.08.23"]
[Round "2.11"]
[White "Zdor, Viktoriia"]
[Black "Rybackova, Lucie"]
[Result "1-0"]
[BlackElo "2024"]
[WhiteElo "1882"]
[LiveChessVersion "1.4.8"]

1. d4 {[%clk 1:30:57]} d5 {[%clk 1:30:44]} 2. c4 {[%clk 1:31:11]} e6
{[%clk 1:31:07]} 3. Nf3 {[%clk 1:31:25]} c5 {[%clk 1:31:28]} 4. cxd5
{[%clk 1:31:28]} exd5 {[%clk 1:31:49]} 5. g3 {[%clk 1:31:39]} Nf6
{[%clk 1:31:43]} 6. Bg2 {[%clk 1:31:54]} Nc6 {[%clk 1:32:03]} 7. O-O
{[%clk 1:32:03]} Be7 {[%clk 1:32:23]} 8. dxc5 {[%clk 1:32:19]} Bxc5
{[%clk 1:32:43]} 9. a3 {[%clk 1:32:08]} Ne4 {[%clk 1:32:50]} 10. b4
{[%clk 1:31:16]} Be7 {[%clk 1:33:12]} 11. Bb2 {[%clk 1:30:58]} Bf6
{[%clk 1:33:33]} 12. Bxf6 {[%clk 1:22:12]} Qxf6 {[%clk 1:32:31]} 13. Ra2
{[%clk 1:19:18]} O-O {[%clk 1:30:18]} 14. Rc2 {[%clk 1:13:18]} Be6
{[%clk 1:22:41]} 15. b5 {[%clk 1:10:43]} Ne5 {[%clk 1:05:41]} 16. Nd4
{[%clk 0:59:05]} Rac8 {[%clk 0:58:52]} 17. Nxe6 {[%clk 0:58:38]} Qxe6
{[%clk 0:55:37]} 18. Rxc8 {[%clk 0:58:30]} Rxc8 {[%clk 0:55:55]} 19. Qd4
{[%clk 0:57:24]} Nd7 {[%clk 0:30:40]} 20. Qxa7 {[%clk 0:52:57]} Ndc5
{[%clk 0:28:57]} 21. Qa5 {[%clk 0:48:51]} b6 {[%clk 0:26:35]} 22. Qb4
{[%clk 0:48:42]} Qf6 {[%clk 0:23:37]} 23. f3 {[%clk 0:38:13]} Nd6
{[%clk 0:22:04]} 24. Nc3 {[%clk 0:34:29]} Qe5 {[%clk 0:15:08]} 25. Rd1
{[%clk 0:29:36]} Qe3+ {[%clk 0:10:37]} 26. Kh1 {[%clk 0:29:45]} Nf5
{[%clk 0:09:25]} 27. Nxd5 {[%clk 0:27:18]} Qxe2 {[%clk 0:07:58]} 28. Re1
{[%clk 0:25:57]} Qc2 {[%clk 0:06:34]} 29. Qb1 {[%clk 0:15:07]} Qxb1
{[%clk 0:01:20]} 30. Rxb1 {[%clk 0:15:36]} Rb8 {[%clk 0:01:41]} 31. Rc1
{[%clk 0:15:05]} Nb3 {[%clk 0:01:23]} 32. Rc3 {[%clk 0:10:56]} Nbd4
{[%clk 0:01:28]} 33. Bf1 {[%clk 0:10:38]} g6 {[%clk 0:01:24]} 34. g4
{[%clk 0:09:48]} Nd6 {[%clk 0:01:30]} 35. a4 {[%clk 0:08:59]} Kg7
{[%clk 0:01:44]} 36. Kg2 {[%clk 0:08:08]} Ne6 {[%clk 0:01:04]} 37. Kf2
{[%clk 0:08:25]} Nc8 {[%clk 0:01:12]} 38. Rc6 {[%clk 0:07:31]} Nc5
{[%clk 0:00:45]} 39. a5 {[%clk 0:07:35]} Nd7 40. Rc7 {[%clk 0:07:31]} Nf6
{[%clk 0:00:38]} 41. Nxf6 {[%clk 0:07:39]} Kxf6 {[%clk 0:01:05]} 42. a6
{[%clk 0:07:46]} Nd6 {[%clk 0:01:15]} 43. Rc6 {[%clk 0:08:08]} Ke7
{[%clk 0:01:35]} 44. Rxb6 {[%clk 0:08:01]} Rxb6 {[%clk 0:01:46]} 45. a7
{[%clk 0:08:29]} Ne4+ {[%clk 0:00:55]} 46. Kg1 {[%clk 0:08:14]} 1-0

[Event "EYCC 2024 - G16"]
[Site "?"]
[Date "2024.08.23"]
[Round "2.12"]
[White "Gkoutzouki, Aikaterini Argyro"]
[Black "Kucuk, Aybike"]
[Result "1-0"]
[BlackElo "1872"]
[WhiteElo "1986"]
[LiveChessVersion "1.4.8"]

1. d4 {[%clk 1:30:57]} Nf6 {[%clk 1:30:53]} 2. Nf3 {[%clk 1:31:15]} g6
{[%clk 1:31:08]} 3. c4 {[%clk 1:31:33]} Bg7 {[%clk 1:31:30]} 4. Nc3
{[%clk 1:31:57]} d5 {[%clk 1:31:55]} 5. Bg5 {[%clk 1:28:54]} Ne4 {[%clk 1:32:14]}
6. Bf4 {[%clk 1:29:11]} Nxc3 {[%clk 1:32:34]} 7. bxc3 {[%clk 1:29:37]} c5
{[%clk 1:32:54]} 8. e3 {[%clk 1:25:55]} O-O {[%clk 1:33:13]} 9. Rb1
{[%clk 1:19:12]} Qa5 {[%clk 1:25:15]} 10. Qd2 {[%clk 1:17:17]} dxc4
{[%clk 1:21:15]} 11. Bxc4 {[%clk 1:16:37]} cxd4 {[%clk 1:21:25]} 12. exd4
{[%clk 1:11:25]} Bg4 {[%clk 1:05:19]} 13. Ng5 {[%clk 1:01:44]} Nd7
{[%clk 0:52:28]} 14. Rb5 {[%clk 0:50:14]} Qa4 {[%clk 0:46:40]} 15. Rb4
{[%clk 0:48:54]} Qc6 {[%clk 0:44:38]} 16. f3 {[%clk 0:46:26]} a5 {[%clk 0:39:24]}
17. Bb5 {[%clk 0:41:12]} Qc8 {[%clk 0:36:52]} 18. Rc4 {[%clk 0:40:13]} Qd8
{[%clk 0:33:10]} 19. Bc7 {[%clk 0:38:23]} Qc8 {[%clk 0:29:49]} 20. fxg4
{[%clk 0:37:01]} h6 {[%clk 0:29:13]} 21. Nf3 {[%clk 0:35:55]} Nb6
{[%clk 0:29:26]} 22. Rc5 {[%clk 0:32:32]} Nd7 {[%clk 0:26:12]} 23. Bxd7
{[%clk 0:30:04]} Qxd7 {[%clk 0:26:40]} 24. O-O {[%clk 0:27:36]} Rfc8
{[%clk 0:21:07]} 25. Bb6 {[%clk 0:25:11]} Ra6 {[%clk 0:20:51]} 26. Rxc8+
{[%clk 0:24:25]} Qxc8 {[%clk 0:21:20]} 27. Bc5 {[%clk 0:24:31]} Rc6
{[%clk 0:21:44]} 28. Bxe7 {[%clk 0:22:03]} Qxg4 {[%clk 0:21:52]} 29. Ne5
{[%clk 0:21:09]} 1-0

[Event "EYCC 2024 - G16"]
[Site "?"]
[Date "2024.08.23"]
[Round "2.13"]
[White "Omeri, Eklea"]
[Black "Hayrapetyan, Nvard"]
[Result "0-1"]
[BlackElo "1748"]
[WhiteElo "1962"]
[LiveChessVersion "1.4.8"]

1. d4 {[%clk 1:30:58]} Nf6 {[%clk 1:30:57]} 2. c4 {[%clk 1:31:12]} e6
{[%clk 1:31:24]} 3. Nf3 {[%clk 1:31:37]} d5 {[%clk 1:31:17]} 4. g3
{[%clk 1:32:00]} Bb4+ {[%clk 1:31:42]} 5. Bd2 {[%clk 1:32:26]} Be7
{[%clk 1:31:56]} 6. Bg2 {[%clk 1:32:46]} O-O {[%clk 1:32:11]} 7. Qc2
{[%clk 1:32:57]} c6 {[%clk 1:30:45]} 8. O-O {[%clk 1:32:36]} Ne4 {[%clk 1:29:55]}
9. Bf4 {[%clk 1:28:51]} Nd7 {[%clk 1:29:32]} 10. Nbd2 {[%clk 1:23:42]} g5
{[%clk 1:28:45]} 11. Be3 {[%clk 1:23:00]} Nd6 {[%clk 1:28:51]} 12. cxd5
{[%clk 1:22:59]} exd5 {[%clk 1:24:50]} 13. Ne5 {[%clk 1:18:18]} f5
{[%clk 1:13:55]} 14. f3 {[%clk 1:12:51]} f4 {[%clk 0:59:56]} 15. Bf2
{[%clk 1:01:19]} Nxe5 {[%clk 0:53:13]} 16. dxe5 {[%clk 1:01:43]} Nf5
{[%clk 0:53:40]} 17. Rfe1 {[%clk 0:59:33]} Qc7 {[%clk 0:51:00]} 18. e4
{[%clk 0:58:43]} fxe3 {[%clk 0:51:07]} 19. Bxe3 {[%clk 0:56:12]} Nxe3
{[%clk 0:51:00]} 20. Rxe3 {[%clk 0:56:40]} Qb6 {[%clk 0:51:24]} 21. Rae1
{[%clk 0:55:14]} Bf5 {[%clk 0:51:05]} 22. Qb3 {[%clk 0:53:15]} Bc5
{[%clk 0:51:26]} 23. Kh1 {[%clk 0:50:23]} Bxe3 {[%clk 0:51:32]} 24. Qxe3
{[%clk 0:50:37]} Qxe3 {[%clk 0:51:30]} 25. Rxe3 {[%clk 0:51:06]} Rae8
{[%clk 0:51:14]} 26. Nb3 {[%clk 0:51:04]} Bb1 {[%clk 0:51:12]} 27. Bh3
{[%clk 0:49:04]} Bxa2 {[%clk 0:49:52]} 28. Nc5 {[%clk 0:47:42]} d4
{[%clk 0:49:45]} 29. Re1 {[%clk 0:39:10]} Rxf3 {[%clk 0:47:41]} 30. e6
{[%clk 0:36:05]} Bd5 {[%clk 0:46:23]} 31. Kg1 {[%clk 0:35:35]} b6
{[%clk 0:44:00]} 32. Nd7 {[%clk 0:35:49]} Kg7 {[%clk 0:44:19]} 33. Re5
{[%clk 0:30:05]} h6 {[%clk 0:43:46]} 34. Bg2 {[%clk 0:30:06]} Re3
{[%clk 0:44:11]} 35. Bxd5 {[%clk 0:30:00]} Rxe5 {[%clk 0:44:36]} 0-1

[Event "EYCC 2024 - G16"]
[Site "?"]
[Date "2024.08.23"]
[Round "2.14"]
[White "Jankovic, Tamara"]
[Black "Haug, Mara"]
[Result "1-0"]
[BlackElo "1958"]
[WhiteElo "1877"]
[LiveChessVersion "1.4.8"]

1. e4 {[%clk 1:30:47]} c5 {[%clk 1:30:53]} 2. Nf3 {[%clk 1:31:06]} Nc6
{[%clk 1:31:17]} 3. Bb5 {[%clk 1:31:32]} g6 {[%clk 1:31:40]} 4. Bxc6
{[%clk 1:31:59]} dxc6 {[%clk 1:32:01]} 5. e5 {[%clk 1:32:01]} Bg7
{[%clk 1:31:29]} 6. h3 {[%clk 1:32:26]} f6 {[%clk 1:22:58]} 7. O-O
{[%clk 1:32:41]} fxe5 {[%clk 1:23:00]} 8. Re1 {[%clk 1:32:53]} Nf6
{[%clk 1:22:01]} 9. Nxe5 {[%clk 1:32:40]} O-O {[%clk 1:21:09]} 10. d3
{[%clk 1:32:27]} Nd5 {[%clk 1:17:17]} 11. Nd2 {[%clk 1:29:17]} Qd6
{[%clk 1:08:37]} 12. Ndf3 {[%clk 1:27:15]} Nf4 {[%clk 1:00:41]} 13. Bxf4
{[%clk 1:25:23]} Rxf4 {[%clk 1:01:09]} 14. Qe2 {[%clk 1:22:21]} b5
{[%clk 0:48:37]} 15. Rad1 {[%clk 1:21:28]} Bb7 {[%clk 0:46:14]} 16. c3
{[%clk 1:08:27]} Raf8 {[%clk 0:40:59]} 17. Ng4 {[%clk 1:04:42]} Bc8
{[%clk 0:35:51]} 18. Qxe7 {[%clk 1:00:21]} Qxe7 {[%clk 0:35:57]} 19. Rxe7
{[%clk 1:00:49]} Bxg4 {[%clk 0:36:16]} 20. hxg4 {[%clk 1:01:15]} Rxg4
{[%clk 0:35:53]} 21. Ne5 {[%clk 0:58:48]} Ra4 {[%clk 0:34:06]} 22. a3
{[%clk 0:54:51]} Bxe5 {[%clk 0:23:24]} 23. Rxe5 {[%clk 0:55:18]} Raf4
{[%clk 0:23:37]} 24. f3 {[%clk 0:55:26]} R4f5 {[%clk 0:21:39]} 25. Rde1
{[%clk 0:51:02]} Kg7 {[%clk 0:19:09]} 26. Kf2 {[%clk 0:47:32]} Rxe5
{[%clk 0:10:03]} 27. Rxe5 {[%clk 0:48:01]} Rf5 {[%clk 0:10:17]} 28. Re7+
{[%clk 0:39:02]} Rf7 {[%clk 0:10:44]} 29. Re8 {[%clk 0:39:31]} a5
{[%clk 0:07:09]} 30. Rc8 {[%clk 0:38:56]} Rf6 {[%clk 0:07:22]} 31. a4
{[%clk 0:36:24]} bxa4 {[%clk 0:06:21]} 32. Ra8 {[%clk 0:36:42]} c4
{[%clk 0:06:07]} 33. Rxa5 {[%clk 0:32:48]} cxd3 {[%clk 0:06:29]} 34. Rxa4
{[%clk 0:32:53]} c5 {[%clk 0:05:55]} 35. Ke3 {[%clk 0:31:23]} Rd6
{[%clk 0:06:23]} 36. Kd2 {[%clk 0:31:41]} Kf6 {[%clk 0:06:32]} 37. Re4
{[%clk 0:31:34]} h5 {[%clk 0:06:08]} 38. b4 {[%clk 0:31:27]} cxb4
{[%clk 0:05:54]} 39. Rxb4 {[%clk 0:27:47]} Kf5 {[%clk 0:05:45]} 40. Re4
{[%clk 0:21:13]} g5 {[%clk 0:05:13]} 41. Rd4 {[%clk 0:13:55]} Ra6
{[%clk 0:03:12]} 42. g4+ {[%clk 0:13:29]} hxg4 {[%clk 0:03:34]} 43. fxg4+
{[%clk 0:13:58]} Ke5 {[%clk 0:03:42]} 44. Kxd3 {[%clk 0:14:18]} Ra1
{[%clk 0:03:22]} 45. Re4+ {[%clk 0:14:11]} Kd6 {[%clk 0:03:10]} 46. Kd4
{[%clk 0:11:56]} Rd1+ {[%clk 0:03:30]} 47. Kc4 {[%clk 0:12:07]} Rg1
{[%clk 0:03:51]} 48. Kb5 {[%clk 0:10:28]} Rb1+ {[%clk 0:03:36]} 49. Rb4
{[%clk 0:10:05]} Rg1 {[%clk 0:02:52]} 50. c4 {[%clk 0:10:16]} Kc7
{[%clk 0:03:19]} 51. c5 {[%clk 0:10:25]} Rg2 {[%clk 0:03:34]} 52. Re4
{[%clk 0:08:16]} Rb2+ {[%clk 0:03:46]} 53. Kc4 {[%clk 0:08:45]} Rg2
{[%clk 0:03:30]} 54. Kd5 {[%clk 0:08:43]} Rd2+ {[%clk 0:02:15]} 55. Ke6
{[%clk 0:07:41]} Kc6 {[%clk 0:01:38]} 56. Re5 {[%clk 0:07:53]} Rd1
{[%clk 0:01:16]} 57. Rxg5 {[%clk 0:06:54]} Rg1 {[%clk 0:01:30]} 58. Kf6
{[%clk 0:06:18]} Rf1+ {[%clk 0:01:39]} 59. Rf5 {[%clk 0:06:29]} Rg1
{[%clk 0:02:03]} 60. g5 {[%clk 0:06:54]} Rg2 {[%clk 0:02:10]} 61. g6
{[%clk 0:07:11]} Rg3 {[%clk 0:02:07]} 62. g7 {[%clk 0:07:36]} 1-0

[Event "EYCC 2024 - G16"]
[Site "?"]
[Date "2024.08.23"]
[Round "2.15"]
[White "Wojs, Alicja"]
[Black "Zapalowska, Wiktoria"]
[Result "0-1"]
[BlackElo "1733"]
[WhiteElo "1953"]
[LiveChessVersion "1.4.8"]

1. e4 {[%clk 1:30:59]} c5 {[%clk 1:30:52]} 2. Nf3 {[%clk 1:31:23]} d6
{[%clk 1:31:12]} 3. d4 {[%clk 1:31:44]} cxd4 {[%clk 1:31:37]} 4. Nxd4
{[%clk 1:32:06]} Nf6 {[%clk 1:32:00]} 5. Nc3 {[%clk 1:32:27]} Nc6
{[%clk 1:32:15]} 6. g3 {[%clk 1:32:14]} g6 {[%clk 1:32:20]} 7. Bg2
{[%clk 1:32:36]} Nxd4 {[%clk 1:32:35]} 8. Qxd4 {[%clk 1:33:00]} Bg7
{[%clk 1:32:50]} 9. O-O {[%clk 1:33:15]} O-O {[%clk 1:32:34]} 10. Qd3
{[%clk 1:33:05]} Nd7 {[%clk 1:32:15]} 11. h3 {[%clk 1:30:05]} Ne5
{[%clk 1:29:31]} 12. Qe2 {[%clk 1:30:27]} Be6 {[%clk 1:25:59]} 13. Nd5
{[%clk 1:28:27]} Rc8 {[%clk 1:23:35]} 14. f4 {[%clk 1:20:55]} Nc4
{[%clk 1:18:48]} 15. c3 {[%clk 1:21:13]} Bd7 {[%clk 1:09:50]} 16. Rf3
{[%clk 1:14:34]} e6 {[%clk 1:03:40]} 17. Ne3 {[%clk 1:13:16]} Bb5
{[%clk 1:00:16]} 18. Nxc4 {[%clk 1:08:11]} Bxc4 {[%clk 0:59:48]} 19. Qe3
{[%clk 1:06:46]} a5 {[%clk 0:54:34]} 20. b3 {[%clk 1:01:31]} Ba6 {[%clk 0:53:09]}
21. Bd2 {[%clk 1:01:15]} b5 {[%clk 0:51:20]} 22. Rc1 {[%clk 0:59:50]} d5
{[%clk 0:44:42]} 23. e5 {[%clk 0:57:36]} Qe7 {[%clk 0:43:14]} 24. Bf1
{[%clk 0:55:39]} Qb7 {[%clk 0:33:56]} 25. Qe2 {[%clk 0:50:39]} Rfd8
{[%clk 0:30:33]} 26. a4 {[%clk 0:44:44]} d4 {[%clk 0:29:35]} 27. cxd4
{[%clk 0:42:47]} Rxc1 {[%clk 0:29:38]} 28. Bxc1 {[%clk 0:43:16]} bxa4
{[%clk 0:29:00]} 29. Qe3 {[%clk 0:43:25]} Bxf1 {[%clk 0:26:31]} 30. Kxf1
{[%clk 0:36:37]} Rxd4 {[%clk 0:23:41]} 31. bxa4 {[%clk 0:35:15]} Rxa4
{[%clk 0:19:43]} 32. Ba3 {[%clk 0:29:36]} Bf8 {[%clk 0:15:13]} 33. Bxf8
{[%clk 0:28:06]} Kxf8 {[%clk 0:14:37]} 34. Qd3 {[%clk 0:23:24]} Kg7
{[%clk 0:12:55]} 35. g4 {[%clk 0:20:22]} Qb2 {[%clk 0:10:17]} 36. Rf2
{[%clk 0:17:52]} Qc1+ {[%clk 0:09:17]} 37. Kg2 {[%clk 0:17:47]} Rxf4
{[%clk 0:07:57]} 38. Qg3 {[%clk 0:16:41]} Rxf2+ {[%clk 0:06:26]} 39. Qxf2
{[%clk 0:17:08]} Qg5 {[%clk 0:06:28]} 40. Qe1 {[%clk 0:16:55]} a4
{[%clk 0:06:29]} 41. Qb4 {[%clk 0:17:07]} Qxe5 {[%clk 0:06:30]} 42. Qxa4
{[%clk 0:17:31]} Qe2+ {[%clk 0:05:45]} 43. Kg3 {[%clk 0:17:49]} e5
{[%clk 0:05:43]} 44. h4 {[%clk 0:16:50]} Qe3+ {[%clk 0:06:02]} 45. Kg2
{[%clk 0:17:06]} Qd4 {[%clk 0:05:58]} 46. Qa5 {[%clk 0:16:23]} Qxg4+
{[%clk 0:06:08]} 0-1

[Event "EYCC 2024 - G16"]
[Site "?"]
[Date "2024.08.23"]
[Round "2.16"]
[White "Brezikova, Beata"]
[Black "Bat, Anu"]
[Result "0-1"]
[BlackElo "1948"]
[WhiteElo "1873"]
[LiveChessVersion "1.4.8"]

1. e4 {[%clk 1:30:59]} c5 {[%clk 1:30:54]} 2. Nc3 {[%clk 1:31:24]} e6
{[%clk 1:31:18]} 3. Nge2 {[%clk 1:31:47]} Nc6 {[%clk 1:31:38]} 4. g3
{[%clk 1:32:03]} d5 {[%clk 1:31:47]} 5. exd5 {[%clk 1:32:14]} exd5
{[%clk 1:32:11]} 6. d4 {[%clk 1:32:27]} Bg4 {[%clk 1:32:22]} 7. Bg2
{[%clk 1:32:40]} Nxd4 {[%clk 1:32:29]} 8. h3 {[%clk 1:32:36]} Bf3
{[%clk 1:31:55]} 9. Kf1 {[%clk 1:32:42]} Qd7 {[%clk 1:08:10]} 10. Bxf3
{[%clk 1:24:07]} Nxf3 {[%clk 1:08:32]} 11. Nf4 {[%clk 1:20:28]} Nd4
{[%clk 1:05:36]} 12. Nfxd5 {[%clk 1:13:04]} Ne7 {[%clk 1:02:09]} 13. Nxe7
{[%clk 1:02:07]} Bxe7 {[%clk 1:02:13]} 14. Be3 {[%clk 1:00:59]} Qc6
{[%clk 1:01:07]} 15. Rg1 {[%clk 0:58:38]} Rd8 {[%clk 0:57:09]} 16. Bxd4
{[%clk 0:53:38]} cxd4 {[%clk 0:56:06]} 17. Ne2 {[%clk 0:52:39]} O-O
{[%clk 0:55:38]} 18. Qd3 {[%clk 0:50:34]} Bf6 {[%clk 0:52:41]} 19. Rd1
{[%clk 0:44:09]} Rfe8 {[%clk 0:45:55]} 20. Rg2 {[%clk 0:35:15]} Re4
{[%clk 0:33:34]} 21. Kg1 {[%clk 0:28:23]} Rde8 {[%clk 0:33:44]} 22. Nc1
{[%clk 0:24:51]} Rc8 {[%clk 0:29:57]} 23. f4 {[%clk 0:23:14]} Re3
{[%clk 0:29:18]} 24. Qd2 {[%clk 0:21:19]} Qe6 {[%clk 0:24:34]} 25. Kh2
{[%clk 0:18:41]} h5 {[%clk 0:24:24]} 26. Qf2 {[%clk 0:14:04]} h4 {[%clk 0:21:22]}
27. g4 {[%clk 0:13:14]} g5 {[%clk 0:20:10]} 28. fxg5 {[%clk 0:11:33]} Bxg5
{[%clk 0:19:00]} 29. Qf5 {[%clk 0:08:24]} Qd6+ {[%clk 0:18:47]} 30. Kg1
{[%clk 0:08:21]} Rc5 {[%clk 0:19:09]} 31. Qf1 {[%clk 0:07:22]} Rxh3
{[%clk 0:19:15]} 0-1